[Event "DEM U12 2021"]
[Site "Willingen GER"]
[Date "2021.08.23"]
[Round "2"]
[White "Mündörfer, Sebastian"]
[Black "Lu, Yunong Elias"]
[Result "1/2-1/2"]
[Termination "normal"]
[Board "18"]
[WhiteElo "1176"]
[BlackElo "1557"]
[WhiteClock "00:38:17"]
[BlackClock "01:06:47"]
[PlyCount "57"]
[WhiteFideId "34604367"]
[BlackFideId "16276426"]
[EventCountry "GER"]
[EventRounds "9"]
[EventType "swiss"]
[EventDate "2021.08.22"]

1. d4 {[%clk 01:30:58]} {[%emt 00:00:02]} Nf6 {[%clk 01:30:31]} {[%emt
00:00:30]} 2. c4 {[%clk 01:31:18]} {[%emt 00:00:11]} e6 {[%clk 01:30:45]}
{[%emt 00:00:14]} 3. Nf3 {[%clk 01:31:30]} {[%emt 00:00:18]} d5 {[%clk
01:30:43]} {[%emt 00:00:30]} 4. Nc3 {[%clk 01:31:19]} {[%emt 00:00:43]} c6
{[%clk 01:30:34]} {[%emt 00:00:38]} 5. cxd5 {[%clk 01:31:39]} {[%emt 00:00:12]}
exd5 {[%clk 01:30:45]} {[%emt 00:00:18]} 6. Bg5 {[%clk 01:31:28]} {[%emt
00:00:42]} Be7 {[%clk 01:30:43]} {[%emt 00:00:31]} 7. e3 {[%clk 01:31:45]}
{[%emt 00:00:13]} Bf5 {[%clk 01:30:00]} {[%emt 00:01:13]} 8. Bd3 {[%clk
01:30:42]} {[%emt 00:01:34]} Bxd3 {[%clk 01:30:12]} {[%emt 00:00:18]} 9. Qxd3
{[%clk 01:31:00]} {[%emt 00:00:11]} O-O {[%clk 01:29:46]} {[%emt 00:00:57]} 10.
O-O {[%clk 01:30:36]} {[%emt 00:00:54]} Nbd7 {[%clk 01:28:11]} {[%emt
00:02:04]} 11. Rab1 {[%clk 01:27:21]} {[%emt 00:03:45]} Ne4 {[%clk 01:26:33]}
{[%emt 00:02:09]} 12. Bxe7 {[%clk 01:24:18]} {[%emt 00:03:33]} Qxe7 {[%clk
01:26:03]} {[%emt 00:00:59]} 13. Nd2 {[%clk 01:21:10]} {[%emt 00:03:39]} f5
{[%clk 01:23:55]} {[%emt 00:02:38]} 14. b4 {[%clk 01:19:04]} {[%emt 00:02:36]}
a6 {[%clk 01:23:32]} {[%emt 00:00:53]} 15. Ndxe4 {[%clk 01:17:48]} {[%emt
00:01:45]} fxe4 {[%clk 01:23:55]} {[%emt 00:00:08]} 16. Qe2 {[%clk 01:17:46]}
{[%emt 00:00:32]} Rf5 {[%clk 01:22:42]} {[%emt 00:01:42]} 17. Na4 {[%clk
01:10:45]} {[%emt 00:07:33]} Raf8 {[%clk 01:20:40]} {[%emt 00:02:29]} 18. Nc5
{[%clk 01:09:24]} {[%emt 00:01:53]} Nb6 {[%clk 01:18:12]} {[%emt 00:02:57]} 19.
Rbc1 {[%clk 01:08:01]} {[%emt 00:01:53]} R8f6 {[%clk 01:18:05]} {[%emt
00:00:37]} 20. f3 {[%clk 00:58:18]} {[%emt 00:10:14]} exf3 {[%clk 01:16:30]}
{[%emt 00:02:05]} 21. Rxf3 {[%clk 00:58:30]} {[%emt 00:00:18]} Rxf3 {[%clk
01:16:20]} {[%emt 00:00:39]} 22. gxf3 {[%clk 00:58:49]} {[%emt 00:00:11]} Rg6+
{[%clk 01:15:30]} {[%emt 00:01:18]} 23. Kh1 {[%clk 00:52:43]} {[%emt 00:06:38]}
Nc8 {[%clk 01:14:01]} {[%emt 00:01:59]} 24. Rg1 {[%clk 00:52:05]} {[%emt
00:01:07]} Rxg1+ {[%clk 01:11:19]} {[%emt 00:03:11]} 25. Kxg1 {[%clk 00:52:08]}
{[%emt 00:00:29]} Nd6 {[%clk 01:11:48]} 26. e4 {[%emt 00:05:38]} Qg5+ {[%clk
01:09:46]} 27. Kf1 {[%clk 00:49:21]} {[%emt 00:00:42]} Qc1+ {[%clk 01:09:06]}
{[%emt 00:01:11]} 28. Kf2 {[%clk 00:48:54]} {[%emt 00:00:56]} Qf4 {[%clk
01:06:47]} {[%emt 00:02:48]} 29. Ke1 {[%clk 00:38:17]} {[%emt 00:11:07]}
1/2-1/2

[Event "DEM U12 2021"]
[Site "Willingen GER"]
[Date "2021.08.23"]
[Round "2"]
[White "Jumah, Shayan"]
[Black "Xue, Luka"]
[Result "0-1"]
[Termination "normal"]
[Board "19"]
[WhiteElo "1275"]
[BlackElo "1496"]
[WhiteClock "00:41:56"]
[BlackClock "00:58:07"]
[PlyCount "94"]
[WhiteFideId "16281888"]
[BlackFideId "16277252"]
[EventCountry "GER"]
[EventRounds "9"]
[EventType "swiss"]
[EventDate "2021.08.22"]

1. e4 {[%clk 01:30:57]} {[%emt 00:00:02]} e6 {[%clk 01:30:34]} {[%emt
00:00:26]} 2. d4 {[%clk 01:31:22]} {[%emt 00:00:05]} d5 {[%clk 01:31:00]}
{[%emt 00:00:04]} 3. Bd3 {[%clk 01:31:46]} {[%emt 00:00:06]} Nf6 {[%clk
01:30:45]} {[%emt 00:00:45]} 4. e5 {[%clk 01:32:05]} {[%emt 00:00:12]} Nfd7
{[%clk 01:31:02]} {[%emt 00:00:12]} 5. Nf3 {[%clk 01:32:26]} {[%emt 00:00:09]}
c5 {[%clk 01:31:07]} {[%emt 00:00:25]} 6. c3 {[%clk 01:29:45]} {[%emt
00:03:12]} Nc6 {[%clk 01:29:48]} {[%emt 00:01:49]} 7. O-O {[%clk 01:28:52]}
{[%emt 00:01:21]} Qb6 {[%clk 01:29:39]} {[%emt 00:00:38]} 8. Bc2 {[%clk
01:28:47]} {[%emt 00:00:37]} Be7 {[%clk 01:29:24]} {[%emt 00:00:45]} 9. a3
{[%clk 01:23:12]} {[%emt 00:06:05]} f6 {[%clk 01:24:34]} {[%emt 00:05:20]} 10.
Re1 {[%clk 01:13:39]} {[%emt 00:10:03]} fxe5 {[%clk 01:20:32]} {[%emt
00:04:32]} 11. dxe5 {[%clk 01:08:59]} {[%emt 00:05:11]} O-O {[%clk 01:19:00]}
{[%emt 00:02:01]} 12. Bg5 {[%clk 01:03:52]} {[%emt 00:05:37]} Rxf3 {[%clk
01:16:25]} {[%emt 00:03:05]} 13. Bxe7 {[%clk 01:03:38]} {[%emt 00:00:44]} Rf7
{[%clk 01:16:20]} {[%emt 00:00:35]} 14. Bd6 {[%clk 01:03:02]} {[%emt 00:01:05]}
Qxb2 {[%clk 01:15:13]} {[%emt 00:01:38]} 15. Nd2 {[%clk 01:01:31]} {[%emt
00:02:01]} Qxc3 {[%clk 01:14:35]} {[%emt 00:01:07]} 16. Rc1 {[%clk 00:58:54]}
{[%emt 00:03:08]} Qd4 {[%clk 01:12:07]} {[%emt 00:02:57]} 17. Qh5 {[%clk
00:57:12]} {[%emt 00:02:12]} Qxf2+ {[%clk 01:06:14]} {[%emt 00:06:23]} 18. Kh1
{[%clk 00:57:29]} {[%emt 00:00:13]} g6 {[%clk 01:05:48]} {[%emt 00:00:58]} 19.
Bxg6 {[%clk 00:56:11]} {[%emt 00:01:47]} hxg6 {[%clk 01:05:02]} {[%emt
00:01:16]} 20. Qxg6+ {[%clk 00:56:19]} {[%emt 00:00:22]} Rg7 {[%clk 01:05:09]}
{[%emt 00:00:24]} 21. Qe8+ {[%clk 00:56:34]} {[%emt 00:00:14]} Nf8 {[%clk
01:04:45]} {[%emt 00:00:55]} 22. Rg1 {[%clk 00:55:05]} {[%emt 00:01:58]} Qf7
{[%clk 00:58:48]} {[%emt 00:06:27]} 23. Qxf8+ {[%clk 00:53:35]} {[%emt
00:01:59]} Qxf8 {[%clk 00:58:09]} {[%emt 00:01:10]} 24. Bxf8 {[%clk 00:52:55]}
{[%emt 00:01:10]} Kxf8 {[%clk 00:58:35]} {[%emt 00:00:04]} 25. Rgf1+ {[%clk
00:53:12]} {[%emt 00:00:13]} Rf7 {[%clk 00:58:53]} {[%emt 00:00:12]} 26. Rxf7+
{[%clk 00:53:33]} {[%emt 00:00:09]} Kxf7 {[%clk 00:59:18]} {[%emt 00:00:05]}
27. Rxc5 {[%clk 00:53:59]} {[%emt 00:00:05]} Nxe5 {[%clk 00:58:00]} {[%emt
00:01:47]} 28. Rc7+ {[%clk 00:53:28]} {[%emt 00:01:02]} Kg6 {[%clk 00:57:43]}
{[%emt 00:00:45]} 29. g3 {[%clk 00:52:58]} {[%emt 00:01:01]} b6 {[%clk
00:56:54]} {[%emt 00:01:19]} 30. Kg2 {[%clk 00:51:03]} {[%emt 00:02:24]} a5
{[%clk 00:56:23]} {[%emt 00:01:03]} 31. h4 {[%clk 00:51:19]} {[%emt 00:00:14]}
Ba6 {[%clk 00:56:34]} {[%emt 00:00:19]} 32. Nf3 {[%clk 00:48:13]} {[%emt
00:03:35]} Nxf3 {[%clk 00:56:24]} {[%emt 00:00:40]} 33. Kxf3 {[%clk 00:48:35]}
{[%emt 00:00:08]} Rc8 {[%clk 00:56:44]} {[%emt 00:00:09]} 34. Rxc8 {[%clk
00:47:48]} {[%emt 00:01:18]} Bxc8 {[%clk 00:56:40]} {[%emt 00:00:35]} 35. Kf4
{[%clk 00:45:55]} {[%emt 00:02:22]} b5 {[%clk 00:56:39]} {[%emt 00:00:32]} 36.
Ke3 {[%clk 00:43:04]} {[%emt 00:03:20]} b4 {[%clk 00:55:51]} {[%emt 00:01:19]}
37. Kd3 {[%clk 00:43:06]} {[%emt 00:00:27]} b3 {[%clk 00:56:14]} {[%emt
00:00:07]} 38. a4 {[%clk 00:41:20]} {[%emt 00:02:17]} Bd7 {[%clk 00:56:34]}
{[%emt 00:00:08]} 39. Kc3 {[%clk 00:41:39]} {[%emt 00:00:12]} Bxa4 {[%clk
00:57:01]} {[%emt 00:00:04]} 40. Kb2 {[%clk 00:42:01]} {[%emt 00:00:08]} d4
{[%clk 00:57:20]} {[%emt 00:00:09]} 41. Ka1 {[%clk 00:41:37]} {[%emt 00:00:55]}
d3 {[%clk 00:57:25]} {[%emt 00:00:25]} 42. Kb2 {[%clk 00:41:55]} {[%emt
00:00:11]} d2 {[%clk 00:57:46]} {[%emt 00:00:10]} 43. Ka3 {[%clk 00:41:09]}
{[%emt 00:01:17]} d1=Q {[%clk 00:57:53]} {[%emt 00:00:22]} 44. Kxa4 {[%clk
00:41:05]} {[%emt 00:00:34]} b2+ {[%clk 00:58:17]} {[%emt 00:00:07]} 45. Ka3
{[%clk 00:41:26]} {[%emt 00:00:09]} b1=Q {[%clk 00:58:02]} {[%emt 00:00:45]}
46. h5+ {[%clk 00:41:45]} {[%emt 00:00:10]} Kh6 {[%clk 00:58:17]} {[%emt
00:00:14]} 47. g4 {[%clk 00:41:56]} {[%emt 00:00:20]} Qdb3# {[%clk 00:58:07]}
{[%emt 00:00:10]} 0-1

[Event "DEM U12 2021"]
[Site "Willingen GER"]
[Date "2021.08.23"]
[Round "2"]
[White "Kullmann, Max"]
[Black "Schaudienst, Arvid"]
[Result "0-1"]
[Termination "normal"]
[Board "20"]
[WhiteElo "1411"]
[BlackElo "1368"]
[WhiteClock "00:19:54"]
[BlackClock "00:34:25"]
[PlyCount "120"]
[WhiteFideId "16218574"]
[BlackFideId "16266943"]
[EventCountry "GER"]
[EventRounds "9"]
[EventType "swiss"]
[EventDate "2021.08.22"]

1. d4 {[%clk 01:30:55]} {[%emt 00:00:04]} Nf6 {[%clk 01:30:54]} {[%emt
00:00:06]} 2. c4 {[%clk 01:31:21]} {[%emt 00:00:05]} g6 {[%clk 01:31:14]}
{[%emt 00:00:09]} 3. Nc3 {[%clk 01:31:42]} {[%emt 00:00:09]} Bg7 {[%clk
01:31:39]} {[%emt 00:00:05]} 4. e4 {[%clk 01:32:04]} {[%emt 00:00:09]} d6
{[%clk 01:32:01]} {[%emt 00:00:07]} 5. f3 {[%clk 01:32:21]} {[%emt 00:00:13]}
O-O {[%clk 01:32:08]} {[%emt 00:00:23]} 6. Be3 {[%clk 01:32:26]} {[%emt
00:00:25]} e5 {[%clk 01:30:43]} {[%emt 00:01:54]} 7. Nge2 {[%clk 01:32:37]}
{[%emt 00:00:20]} Nfd7 {[%clk 01:30:04]} {[%emt 00:01:09]} 8. Qd2 {[%clk
01:31:48]} {[%emt 00:01:18]} f5 {[%clk 01:26:51]} {[%emt 00:03:11]} 9. Bg5
{[%clk 01:22:14]} {[%emt 00:10:36]} Nf6 {[%clk 01:24:19]} {[%emt 00:03:03]} 10.
dxe5 {[%clk 01:19:31]} {[%emt 00:03:14]} dxe5 {[%clk 01:17:52]} {[%emt
00:06:56]} 11. Qxd8 {[%clk 01:19:41]} {[%emt 00:00:20]} Rxd8 {[%clk 01:17:54]}
{[%emt 00:00:28]} 12. Nd5 {[%clk 01:19:31]} {[%emt 00:00:39]} Nxd5 {[%clk
01:17:09]} {[%emt 00:01:16]} 13. Bxd8 {[%clk 01:19:49]} {[%emt 00:00:13]} Ne3
{[%clk 01:16:48]} {[%emt 00:00:51]} 14. Rc1 {[%clk 01:10:30]} {[%emt 00:09:49]}
c6 {[%clk 01:12:36]} {[%emt 00:04:41]} 15. Bg5 {[%clk 01:10:10]} {[%emt
00:00:50]} Nxf1 {[%clk 01:12:24]} {[%emt 00:00:41]} 16. Kxf1 {[%clk 01:09:28]}
{[%emt 00:01:12]} Nd7 {[%clk 01:12:16]} {[%emt 00:00:39]} 17. h4 {[%clk
01:06:57]} {[%emt 00:03:01]} Nc5 {[%clk 01:11:03]} {[%emt 00:01:43]} 18. Ng3
{[%clk 01:02:10]} {[%emt 00:05:16]} Be6 {[%clk 01:07:00]} {[%emt 00:04:34]} 19.
b3 {[%clk 01:00:11]} {[%emt 00:02:29]} h6 {[%clk 01:04:20]} {[%emt 00:03:09]}
20. Be7 {[%clk 00:55:27]} {[%emt 00:05:14]} Nd3 {[%clk 01:02:50]} {[%emt
00:02:01]} 21. Rd1 {[%clk 00:51:30]} {[%emt 00:04:28]} Nf4 {[%clk 01:01:06]}
{[%emt 00:02:13]} 22. Ne2 {[%clk 00:48:26]} {[%emt 00:03:34]} Nxe2 {[%emt
00:00:57]} 23. Kxe2 {[%emt 00:00:08]} Kf7 {[%clk 00:59:05]} {[%emt 00:02:07]}
24. Ba3 {[%clk 00:48:13]} {[%emt 00:01:02]} fxe4 {[%clk 00:58:59]} {[%emt
00:00:35]} 25. Ke3 {[%clk 00:44:01]} {[%emt 00:04:44]} exf3 {[%clk 00:58:33]}
{[%emt 00:00:56]} 26. gxf3 {[%clk 00:36:55]} {[%emt 00:07:35]} Re8 {[%clk
00:57:31]} {[%emt 00:01:32]} 27. Rhf1 {[%clk 00:32:15]} {[%emt 00:05:10]} Bf5
{[%clk 00:57:29]} {[%emt 00:00:31]} 28. Kd2 {[%clk 00:19:53]} {[%emt 00:12:52]}
Bf6 {[%clk 00:50:09]} {[%emt 00:07:51]} 29. Rh1 {[%clk 00:12:59]} {[%emt
00:07:23]} e4 {[%clk 00:46:47]} {[%emt 00:03:53]} 30. fxe4 {[%clk 00:10:18]}
{[%emt 00:03:12]} Rxe4 {[%clk 00:47:01]} {[%emt 00:00:16]} 31. Bc5 {[%clk
00:08:37]} {[%emt 00:02:11]} Bxh4 {[%clk 00:26:34]} {[%emt 00:20:55]} 32. Bxa7
{[%clk 00:06:41]} {[%emt 00:02:28]} Bg5+ {[%clk 00:25:52]} {[%emt 00:01:10]}
33. Kc3 {[%clk 00:06:43]} {[%emt 00:00:28]} Re2 {[%clk 00:25:01]} {[%emt
00:01:21]} 34. Kb4 {[%clk 00:04:29]} {[%emt 00:02:45]} Rxa2 {[%clk 00:22:07]}
{[%emt 00:03:24]} 35. Bb8 {[%clk 00:03:38]} {[%emt 00:01:21]} b6 {[%clk
00:18:31]} {[%emt 00:04:06]} 36. c5 {[%clk 00:03:18]} {[%emt 00:00:50]} bxc5+
{[%clk 00:16:56]} {[%emt 00:02:05]} 37. Kxc5 {[%clk 00:03:35]} {[%emt
00:00:14]} Rb2 {[%clk 00:15:35]} {[%emt 00:01:50]} 38. Kxc6 {[%clk 00:03:05]}
{[%emt 00:00:59]} Be4+ {[%clk 00:15:43]} {[%emt 00:00:23]} 39. Kc5 {[%clk
00:02:22]} {[%emt 00:01:14]} Bxh1 {[%emt 00:00:49]} 40. Rxh1 {[%emt 00:00:07]}
Rxb3 {[%clk 00:14:38]} {[%emt 00:00:38]} 41. Be5 {[%clk 00:02:09]} {[%emt
00:00:42]} Rf3 {[%clk 00:12:08]} {[%emt 00:03:00]} 42. Kd5 {[%clk 00:02:01]}
{[%emt 00:00:39]} Rd3+ {[%clk 00:10:38]} {[%emt 00:02:00]} 43. Ke4 {[%clk
00:02:03]} {[%emt 00:00:29]} Re3+ {[%clk 00:10:59]} {[%emt 00:00:08]} 44. Kd5
{[%clk 00:02:09]} {[%emt 00:00:22]} Rf3 {[%clk 00:10:11]} {[%emt 00:01:20]} 45.
Ke4 {[%clk 00:02:12]} {[%emt 00:00:28]} Rf5 {[%clk 00:10:16]} {[%emt 00:00:23]}
46. Rd1 {[%clk 00:01:42]} {[%emt 00:01:00]} h5 {[%clk 00:06:17]} {[%emt
00:04:29]} 47. Rd7+ {[%clk 00:01:19]} {[%emt 00:00:54]} Be7 {[%clk 00:06:11]}
{[%emt 00:00:35]} 48. Kd5 {[%clk 00:26:38]} {[%emt 00:05:12]} Ke8 {[%clk
00:34:36]} {[%emt 00:02:04]} 49. Ke6 {[%clk 00:23:36]} {[%emt 00:03:33]} Rxe5+
{[%clk 00:34:33]} {[%emt 00:00:32]} 50. Kxe5 {[%clk 00:23:21]} {[%emt
00:00:47]} Kxd7 {[%clk 00:34:38]} {[%emt 00:00:25]} 51. Kf4 {[%clk 00:23:03]}
{[%emt 00:00:47]} Ke6 {[%clk 00:34:49]} {[%emt 00:00:19]} 52. Kg3 {[%clk
00:23:17]} {[%emt 00:00:16]} Kf5 {[%clk 00:34:43]} {[%emt 00:00:36]} 53. Kf3
{[%clk 00:23:02]} {[%emt 00:00:46]} g5 {[%clk 00:34:49]} {[%emt 00:00:24]} 54.
Kg3 {[%clk 00:23:10]} {[%emt 00:00:21]} Ke4 {[%clk 00:34:44]} {[%emt 00:00:34]}
55. Kg2 {[%clk 00:23:15]} {[%emt 00:00:26]} Kf4 {[%clk 00:34:56]} {[%emt
00:00:17]} 56. Kf2 {[%clk 00:22:03]} {[%emt 00:01:42]} Bf8 {[%clk 00:34:32]}
{[%emt 00:00:54]} 57. Kg2 {[%clk 00:21:35]} {[%emt 00:00:58]} Kg4 {[%clk
00:34:44]} {[%emt 00:00:18]} 58. Kh2 {[%clk 00:21:24]} {[%emt 00:00:42]} Kf3
{[%clk 00:34:40]} {[%emt 00:00:34]} 59. Kg1 {[%clk 00:20:13]} {[%emt 00:01:41]}
Kg3 {[%clk 00:34:39]} {[%emt 00:00:31]} 60. Kh1 {[%clk 00:19:54]} {[%emt
00:00:50]} Kh3 {[%clk 00:34:25]} {[%emt 00:00:43]} 0-1

[Event "DEM U12 2021"]
[Site "Willingen GER"]
[Date "2021.08.23"]
[Round "2"]
[White "Kullmann, Theo"]
[Black "Rödel, Jannis"]
[Result "1-0"]
[Termination "normal"]
[Board "21"]
[WhiteElo "1590"]
[BlackElo "1349"]
[WhiteClock "00:20:03"]
[BlackClock "00:30:31"]
[PlyCount "53"]
[WhiteFideId "16218582"]
[BlackFideId "34608834"]
[EventCountry "GER"]
[EventRounds "9"]
[EventType "swiss"]
[EventDate "2021.08.22"]

1. e4 {[%clk 01:30:53]} {[%emt 00:00:06]} e5 {[%clk 01:30:55]} {[%emt
00:00:05]} 2. Nf3 {[%clk 01:31:18]} {[%emt 00:00:06]} Nc6 {[%clk 01:31:21]}
{[%emt 00:00:04]} 3. d4 {[%clk 01:31:43]} {[%emt 00:00:04]} exd4 {[%clk
01:31:48]} {[%emt 00:00:04]} 4. Nxd4 {[%clk 01:32:07]} {[%emt 00:00:05]} Bc5
{[%clk 01:32:14]} {[%emt 00:00:04]} 5. Nb3 {[%clk 01:31:40]} {[%emt 00:00:57]}
Bb6 {[%clk 01:32:39]} {[%emt 00:00:06]} 6. Be2 {[%clk 01:30:28]} {[%emt
00:01:40]} Nf6 {[%clk 01:32:10]} {[%emt 00:01:01]} 7. Nc3 {[%clk 01:29:37]}
{[%emt 00:01:20]} d6 {[%clk 01:32:03]} {[%emt 00:00:38]} 8. O-O {[%clk
01:29:19]} {[%emt 00:00:48]} Be6 {[%clk 01:31:19]} {[%emt 00:01:13]} 9. Re1
{[%clk 01:17:55]} {[%emt 00:11:54]} a6 {[%clk 01:25:47]} {[%emt 00:06:02]} 10.
h3 {[%clk 01:08:51]} {[%emt 00:09:34]} Qd7 {[%clk 01:20:50]} {[%emt 00:05:27]}
11. Bf1 {[%clk 01:04:12]} {[%emt 00:05:09]} h5 {[%clk 01:20:28]} {[%emt
00:00:53]} 12. Nd5 {[%clk 00:59:37]} {[%emt 00:05:04]} Bxd5 {[%clk 01:15:22]}
{[%emt 00:05:36]} 13. exd5+ {[%clk 00:59:57]} {[%emt 00:00:10]} Ne5 {[%clk
01:15:44]} {[%emt 00:00:09]} 14. Bf4 {[%clk 00:54:12]} {[%emt 00:06:14]} Qf5
{[%clk 01:16:05]} {[%emt 00:00:10]} 15. Be3 {[%clk 00:49:51]} {[%emt 00:04:49]}
Bxe3 {[%emt 00:04:55]} 16. Rxe3 {[%clk 00:49:41]} {[%emt 00:00:28]} O-O-O
{[%clk 01:12:09]} {[%emt 00:00:15]} 17. c4 {[%clk 00:45:06]} {[%emt 00:05:05]}
Ne4 {[%clk 01:10:21]} {[%emt 00:02:17]} 18. Qe2 {[%clk 00:44:21]} {[%emt
00:01:14]} Nf6 {[%clk 01:08:27]} {[%emt 00:02:25]} 19. g3 {[%clk 00:30:45]}
{[%emt 00:14:07]} g5 {[%clk 01:06:54]} {[%emt 00:02:02]} 20. Bg2 {[%clk
00:29:47]} {[%emt 00:01:27]} g4 {[%clk 00:52:23]} {[%emt 00:15:02]} 21. h4
{[%clk 00:29:41]} {[%emt 00:00:35]} Qg6 {[%clk 00:48:53]} {[%emt 00:04:00]} 22.
c5 {[%clk 00:25:27]} {[%emt 00:04:45]} Ne8 {[%clk 00:46:09]} {[%emt 00:03:15]}
23. c6 {[%clk 00:23:26]} {[%emt 00:02:30]} f5 {[%clk 00:36:14]} {[%emt
00:10:25]} 24. Na5 {[%clk 00:22:39]} {[%emt 00:01:18]} Qf6 {[%clk 00:33:35]}
{[%emt 00:03:07]} 25. Nxb7 {[%clk 00:20:44]} {[%emt 00:02:26]} Ng7 {[%clk
00:30:14]} {[%emt 00:03:51]} 26. Qxa6 {[%clk 00:19:52]} {[%emt 00:01:22]} Rdf8
{[%clk 00:30:31]} {[%emt 00:00:14]} 27. Qa8# {[%clk 00:20:03]} {[%emt
00:00:19]} 1-0

[Event "DEM U12 2021"]
[Site "Willingen GER"]
[Date "2021.08.23"]
[Round "2"]
[White "Wieser, Rouven"]
[Black "Middendorf, Sven-Jonas"]
[Result "0-1"]
[Termination "normal"]
[Board "22"]
[WhiteElo "1295"]
[BlackElo "1407"]
[WhiteClock "00:57:32"]
[BlackClock "01:05:05"]
[PlyCount "72"]
[WhiteFideId "34608761"]
[BlackFideId "16287207"]
[EventCountry "GER"]
[EventRounds "9"]
[EventType "swiss"]
[EventDate "2021.08.22"]

1. e4 {[%clk 01:30:55]} {[%emt 00:00:05]} e5 {[%clk 01:30:56]} {[%emt
00:00:04]} 2. Nf3 {[%clk 01:31:18]} {[%emt 00:00:07]} Nc6 {[%clk 01:31:22]}
{[%emt 00:00:05]} 3. Bc4 {[%clk 01:31:41]} {[%emt 00:00:07]} Bc5 {[%clk
01:31:49]} {[%emt 00:00:04]} 4. b4 {[%clk 01:32:04]} {[%emt 00:00:07]} Bxb4
{[%clk 01:32:15]} {[%emt 00:00:04]} 5. c3 {[%clk 01:32:29]} {[%emt 00:00:05]}
Ba5 {[%clk 01:32:42]} {[%emt 00:00:03]} 6. d4 {[%clk 01:31:51]} {[%emt
00:01:07]} d6 {[%clk 01:33:01]} {[%emt 00:00:11]} 7. Qb3 {[%clk 01:29:24]}
{[%emt 00:02:56]} Qd7 {[%clk 01:33:13]} {[%emt 00:00:18]} 8. O-O {[%clk
01:28:56]} {[%emt 00:00:58]} Bb6 {[%clk 01:33:34]} {[%emt 00:00:09]} 9. Bb5
{[%clk 01:28:17]} {[%emt 00:01:10]} a6 {[%clk 01:33:42]} {[%emt 00:00:23]} 10.
Ba4 {[%clk 01:27:08]} {[%emt 00:01:38]} Ba7 {[%clk 01:33:38]} {[%emt 00:00:34]}
11. d5 {[%clk 01:27:13]} {[%emt 00:00:25]} b5 {[%clk 01:32:32]} {[%emt
00:01:36]} 12. dxc6 {[%clk 01:26:10]} {[%emt 00:01:33]} Qxc6 {[%clk 01:31:53]}
{[%emt 00:01:10]} 13. Bxb5 {[%clk 01:25:26]} {[%emt 00:01:14]} Qxb5 {[%clk
01:29:48]} {[%emt 00:02:34]} 14. Nbd2 {[%clk 01:23:57]} {[%emt 00:01:57]} Be6
{[%clk 01:28:01]} {[%emt 00:02:19]} 15. c4 {[%clk 01:23:38]} {[%emt 00:00:49]}
Qxb3 {[%clk 01:28:11]} {[%emt 00:00:20]} 16. axb3 {[%clk 01:20:39]} {[%emt
00:03:29]} Bc5 {[%clk 01:25:03]} {[%emt 00:03:38]} 17. Ng5 {[%clk 01:19:20]}
{[%emt 00:01:48]} Nf6 {[%clk 01:22:51]} {[%emt 00:02:43]} 18. Rb1 {[%clk
01:15:02]} {[%emt 00:04:48]} Bb4 {[%clk 01:19:54]} {[%emt 00:03:27]} 19. Ndf3
{[%clk 01:13:28]} {[%emt 00:02:02]} h6 {[%clk 01:17:43]} {[%emt 00:02:43]} 20.
Nxe6 {[%clk 01:12:18]} {[%emt 00:01:40]} fxe6 {[%clk 01:17:25]} {[%emt
00:00:48]} 21. Bd2 {[%clk 01:08:28]} {[%emt 00:04:20]} a5 {[%clk 01:12:54]}
{[%emt 00:05:02]} 22. Bxb4 {[%clk 01:08:10]} {[%emt 00:00:47]} axb4 {[%clk
01:13:13]} {[%emt 00:00:11]} 23. Nd2 {[%clk 01:08:15]} {[%emt 00:00:24]} O-O
{[%clk 01:10:20]} {[%emt 00:03:24]} 24. g3 {[%clk 01:04:16]} {[%emt 00:04:29]}
Ra2 {[%clk 01:06:41]} {[%emt 00:04:09]} 25. Nf3 {[%clk 01:00:35]} {[%emt
00:04:10]} Nxe4 {[%clk 01:06:01]} {[%emt 00:01:11]} 26. Rbe1 {[%clk 00:58:35]}
{[%emt 00:02:29]} Rxf3 {[%clk 01:05:30]} {[%emt 00:01:01]} 27. Rxe4 {[%clk
00:58:35]} {[%emt 00:00:31]} Rxb3 {[%clk 01:05:25]} {[%emt 00:00:35]} 28. c5
{[%clk 00:58:52]} {[%emt 00:00:14]} Rab2 {[%clk 01:05:01]} {[%emt 00:00:53]}
29. cxd6 {[%clk 00:57:51]} {[%emt 00:01:31]} cxd6 {[%emt 00:00:16]} 30. Kg2
{[%clk 00:57:37]} {[%emt 00:00:37]} Rb1 {[%clk 01:05:03]} {[%emt 00:00:49]} 31.
Rxb1 {[%emt 00:00:10]} Rxb1 {[%emt 00:00:04]} 32. Kf3 {[%clk 00:57:24]} {[%emt
00:00:28]} b3 {[%clk 01:05:10]} {[%emt 00:00:24]} 33. Ke2 {[%clk 00:57:18]}
{[%emt 00:00:35]} d5 {[%clk 01:04:59]} {[%emt 00:00:42]} 34. Rb4 {[%clk
00:56:58]} {[%emt 00:00:50]} b2 {[%clk 01:04:45]} {[%emt 00:00:43]} 35. Kd2
{[%clk 00:57:15]} {[%emt 00:00:14]} Rf1 {[%clk 01:04:39]} {[%emt 00:00:36]} 36.
Rxb2 {[%clk 00:57:32]} {[%emt 00:00:14]} Rxf2+ {[%clk 01:05:05]} {[%emt
00:00:04]} 0-1